Мемуар о компактных топологических пространствах

Detalhes bibliográficos
Autor principal: Александров П. С. Павел Сергеевич
Outros Autores: Урысон П. С. Павел Самуилович
Resumo:Монография, оригинал которой был опубликован в 1929 г. на французском языке, посвящена основам общей топологии. Она является одним из первых систематических изложений теории компактных топологических пространств. Данную монографию можно рассматривать как один из вариантов «первой книги для чтения» по общей топологии. Она предназначена, главным образом, начинающим заниматься общей топологией.
Idioma:russo
Publicado em: Москва, Физматлит, 2009
Colecção:Классика и современность
Математика
Assuntos:
Formato: Livro
KOHA link:https://koha.lib.tpu.ru/cgi-bin/koha/opac-detail.pl?biblionumber=157528

MARC

LEADER 00000nam0a2200000 4500
001 157528
005 20231101221953.0
010 |a 9785922110389  |b (в пер.)  |b 400 экз. 
021 |a RU  |b 09-29439  |9 09-1764 
035 |a (RuTPU)RU\TPU\book\170870 
090 |a 157528 
100 |a 20090427d2009 k y0rusy5002 ca 
101 0 |a rus 
102 |a RU 
105 |a a z 001zy 
200 1 |a Мемуар о компактных топологических пространствах  |f П. С. Александров, П. С. Урысон 
210 |a Москва  |c Физматлит  |d 2009 
215 |a 147 с.  |c ил. 
225 1 |a Классика и современность 
225 1 |a Математика 
320 |a Библиогр.: с. 141-147. 
330 |a Монография, оригинал которой был опубликован в 1929 г. на французском языке, посвящена основам общей топологии. Она является одним из первых систематических изложений теории компактных топологических пространств. Данную монографию можно рассматривать как один из вариантов «первой книги для чтения» по общей топологии. Она предназначена, главным образом, начинающим заниматься общей топологией. 
606 1 |a Пространства топологические, компактные  |2 stltpush  |3 (RuTPU)RU\TPU\subj\65760  |9 82161 
610 1 |a топология 
610 1 |a бикомпактные пространства 
610 1 |a локально компактные пространства 
610 1 |a метризация 
610 1 |a регулярные пространства 
610 1 |a нормальные пространства 
610 1 |a совершенные множества 
610 1 |a абсолютная замкнутость 
675 |a 515.122  |v 3 
700 1 |a Александров  |b П. С.  |g Павел Сергеевич 
701 1 |a Урысон  |b П. С.  |g Павел Самуилович  |4 070 
801 1 |a RU  |b 63413507  |c 20090409  |g PSBO 
801 2 |a RU  |b 63413507  |c 20150429  |g PSBO 
942 |c BK 
959 |a 48/20090409  |d 1  |e 160,00  |f ЧЗТЛ:1